|
|
|
|
| LEADER |
00000nas a2200000 a 4500 |
| 001 |
ssj0001916 |
| 003 |
WaSeSS |
| 005 |
20200512172242.0 |
| 006 |
m d |
| 007 |
cr n |
| 008 |
000707c19969999paumx pss 0 0eng c |
| 010 |
|
|
|a 2004263237
|
| 015 |
|
|
|a GBA607332
|2 bnb
|
| 016 |
7 |
|
|a 2019691 X
|2 DE-600
|
| 022 |
|
|
|a 1470-1243
|l 1357-3322
|y 1357-3322
|
| 035 |
|
|
|a (WaSeSS)ssj0001916
|
| 037 |
|
|
|b Carfax International Publishers, PO Box 25, Abingdon, Oxfordshire, OX14 3UE, UK
|
| 040 |
|
|
|a F#A
|b eng
|e pn
|c F#A
|d OCLCQ
|d TXA
|d OCL
|d OCLCQ
|d OCLCF
|d OCLCO
|d VT2
|d OCLCQ
|d DLC
|d AU@
|d SFB
|d WaSeSS
|
| 042 |
|
|
|a pcc
|
| 050 |
0 |
0 |
|a GV201
|
| 082 |
0 |
4 |
|a 613.7
|
| 130 |
0 |
|
|a Sport, education and society (Online)
|
| 245 |
1 |
0 |
|a Sport, education and society
|h [electronic resource].
|
| 260 |
|
|
|a [Abingdon, Oxfordshire] :
|b Carfax International Publishers
|
| 260 |
3 |
|
|3 <1999-> :
|a [Philadelphia, PA] :
|b Taylor & Francis
|
| 310 |
|
|
|a Nine times a year,
|b <2018->
|
| 321 |
|
|
|a Eight times a year,
|b 2014-2017
|
| 321 |
|
|
|a Bimonthly,
|b 2013
|
| 321 |
|
|
|a Five times a year,
|b 2011-2012
|
| 321 |
|
|
|a Quarterly,
|b 2006-2010
|
| 321 |
|
|
|a Three times a year,
|b 2004-2005
|
| 321 |
|
|
|a Semiannual,
|b 1996-2003
|
| 362 |
1 |
|
|a Print began with vol. 1, no. 1 (Mar. 1996).
|
| 506 |
|
|
|a License restrictions may limit access.
|
| 538 |
|
|
|a Mode of access: World Wide Web.
|
| 588 |
|
|
|a Description based on: Vol. 5, no. 1 (Mar. 2000); title from issue table of contents (MetaPress, viewed Nov. 10, 2004).
|
| 588 |
|
|
|a Latest issue consulted: Vol. 23, no. 4 (2018) (publisher's website, viewed April 5, 2018).
|
| 650 |
|
0 |
|a Physical education and training
|v Periodicals.
|
| 650 |
|
0 |
|a School sports
|v Periodicals.
|
| 650 |
|
0 |
|a Sports
|v Periodicals.
|
| 650 |
|
7 |
|a Physical education and training.
|2 fast
|0 (OCoLC)fst01062401
|
| 650 |
|
7 |
|a School sports.
|2 fast
|0 (OCoLC)fst01107817
|
| 650 |
|
7 |
|a Sports.
|2 fast
|0 (OCoLC)fst01130432
|
| 655 |
|
0 |
|a Electronic journals.
|
| 776 |
1 |
|
|t Sport, education and society
|x 1357-3322
|w (DLC)sn 96044503
|w (OCoLC)35046928
|
| 850 |
|
|
|a DLC
|
| 856 |
4 |
0 |
|z Full text available from Research Library: 03/01/1998 to 10/31/2000
|u https://search.proquest.com/publication/32789
|